Finalistes de la Ligue des champions - Statistiques

Statistiques générales
  • Ce quiz a été pris 324 fois
  • Le résultat moyen est 29 sur 42
Statistiques - réponses
Pays Équipe Finales Première place Deuxième place % Correct
Italie AC Milan 11 7 4
99%
Allemagne Bayern Munich 11 6 5
99%
Espagne FC Barcelone 8 5 3
99%
Italie Inter Milan 6 3 3
99%
Espagne Real Madrid 18 15 3
99%
Angleterre Liverpool FC 10 6 4
97%
Angleterre Manchester United 5 3 2
97%
Pays-Bas Ajax Amsterdam 6 4 2
96%
Allemagne Borussia Dortmund 3 1 2
96%
Portugal FC Porto 2 2 0
96%
Italie Juventus FC 9 2 7
96%
France Olympique de Marseille 2 1 1
96%
France Paris Saint-Germain 1 0 1
96%
Portugal SL Benfica 7 2 5
94%
Angleterre Manchester City 2 1 1
93%
Espagne Atlético de Madrid 3 0 3
92%
Angleterre Chelsea FC 3 2 1
90%
Écosse Celtic FC 2 1 1
84%
Pays-Bas PSV Eindhoven 1 1 0
77%
France AS Monaco 1 0 1
75%
Angleterre Arsenal FC 1 0 1
74%
Angleterre Nottingham Forest 2 2 0
74%
France Stade de Reims 2 0 2
74%
Serbie Étoile rouge de Belgrade 1 1 0
72%
France Saint-Étienne 1 0 1
68%
Angleterre Aston Villa 1 1 0
67%
Pays-Bas Feyenoord Rotterdam 1 1 0
64%
Angleterre Tottenham 1 0 1
64%
Allemagne Bayer Leverkusen 1 0 1
52%
Roumanie Steaua Bucarest 2 1 1
46%
Belgique Club Bruges 1 0 1
45%
Suède Malmö FF 1 0 1
45%
Allemagne Hamburger SV 2 1 1
43%
Italie Roma 1 0 1
41%
Espagne Valence CF 2 0 2
37%
Italie Fiorentina 1 0 1
35%
Grèce Panathinaikos 1 0 1
32%
Angleterre Leeds United 1 0 1
29%
Italie UC Sampdoria 1 0 1
24%
Allemagne Borussia Mönchengladbach 1 0 1
22%
Serbie Partizan Belgrade 1 0 1
20%
Allemagne Eintracht Francfort 1 0 1
13%
Aucun quiz correspondant
Distribution des résultats
% des personnes avec chaque résultat
Percentile par nombre de réponses
Votre historique - résultats
Vous n’avez pas pris ce quiz